Livre des directives et remarques

Uloženo v:
Podrobná bibliografie
Hlavní autor: Sina, Ibn (Autor)
Médium: Kniha
Jazyk:francouzština
Vydáno: París J. Vrin 1951
Edice:Collection d'oeuvres arabes de l'Unesco
Témata:
Tagy: Přidat tag
Žádné tagy, Buďte první, kdo vytvoří štítek k tomuto záznamu!

MARC

LEADER 00000nam a2200000 a 4500
001 UCZ3453
003 CL-VaPUC
008 951020e19510000FR |||||||||||||||||fre|d
082 0 4 |a 181.9  |b SIN  |2 21 
100 0 |a Sina, Ibn  |e author  |9 347217 
245 1 0 |a Livre des directives et remarques 
300 |a 552 p 
942 |c BK 
945 |d 19951020 00:00:00  |a lriquelm 
260 |a París  |b J. Vrin  |c 1951 
650 7 |a FILOSOFIA ARABE  |2 CL-VaPUC  |9 307956 
650 0 |a Escuelas filosóficas   |9 266232 
650 0 |a Cultura  |9 269059 
650 0 |a Inteligencia  |9 267038 
650 7 |a HOMBRE  |2 CL-VaPUC  |9 262149 
583 |a last modification  |c 19951020 00:00:00  |k Rodrigo Vera 
490 0 |a Collection d'oeuvres arabes de l'Unesco 
999 |c 239927  |d 239925 
952 |0 0  |1 0  |4 0  |6 181_900000000000000_SIN_1951  |7 0  |8 P  |9 251458  |a BIBEDU  |b BIBEDU  |c BIBEDU_PB  |d 2019-11-18  |i 1589237  |o 181.9 SIN 1951  |p 1589237  |r 2024-01-25  |w 2019-11-18  |y BK  |k FIL